| 000 | 00397nam a22001697a 4500 | ||
|---|---|---|---|
| 005 | 20170825172157.0 | ||
| 008 | 160630b xxu||||| |||| 00| 0 eng d | ||
| 020 | _a81-89757-27-X | ||
| 041 | _aeng | ||
| 082 | _b13239 | ||
| 100 |
_aSingh, Tarlok _93165 |
||
| 245 | _aBasic Electrical Engineering | ||
| 260 |
_bKatson _c2012 |
||
| 300 | _a293 | ||
| 650 |
_aDiploma Engineering _9817 |
||
| 942 | _cBK | ||
| 999 |
_c4869 _d4867 |
||